000
00255nam a2200097Ia 4500
005
20251222114414.0
008
251222s1900||||xx |||||||||||||| ||spa||
082
_a
DVD0150/D51/1989
245
4
_a
The passion of Bernadette:La pasión de Bernadette
942
_c
DVD
999
_c
2148
_d
2148